Tribhuvan University Central Library

The mare's trap; (Record no. 104041)

MARC details
000 -LEADER
fixed length control field 00502nam a22001817a 4500
008 - FIXED-LENGTH DATA ELEMENTS--GENERAL INFORMATION
fixed length control field 220322b |||||||| |||| 00| 0 eng d
020 ## - INTERNATIONAL STANDARD BOOK NUMBER
International Standard Book Number 9789385288067
082 ## - DEWEY DECIMAL CLASSIFICATION NUMBER
Classification number 306.77/D717m
100 ## - MAIN ENTRY--PERSONAL NAME
Personal name Doniger,Wendy
245 ## - TITLE STATEMENT
Title The mare's trap;
Remainder of title nature and culture in the kamasutra.
260 ## - PUBLICATION, DISTRIBUTION, ETC.
Place of publication, distribution, etc. New Delhi:
Name of publisher, distributor, etc. Speaking Tiger Publishing,
Date of publication, distribution, etc. 2015.
300 ## - PHYSICAL DESCRIPTION
Other physical details 182p.
504 ## - BIBLIOGRAPHY, ETC. NOTE
Bibliography, etc. note Includes bibliography.
650 ## - SUBJECT ADDED ENTRY--TOPICAL TERM
Topical term or geographic name entry element Love
650 ## - SUBJECT ADDED ENTRY--TOPICAL TERM
Topical term or geographic name entry element Sexual ethics
650 ## - SUBJECT ADDED ENTRY--TOPICAL TERM
Topical term or geographic name entry element Kamasutra
9 (RLIN) 25045
942 ## - ADDED ENTRY ELEMENTS (KOHA)
Source of classification or shelving scheme Dewey Decimal Classification
Koha item type General Collections
Holdings
Withdrawn status Lost status Source of classification or shelving scheme Damaged status Not for loan Home library Current library Shelving location Date acquired Total Checkouts Full call number Barcode Date last seen Price effective from Koha item type
    Dewey Decimal Classification     Tribhuvan University Central Library Tribhuvan University Central Library New Building 03/22/2022   306.77/D717m 152923 03/22/2022 03/22/2022 General Collections
    Dewey Decimal Classification     Tribhuvan University Central Library Tribhuvan University Central Library New Building 02/12/2023   306.77/D717m 152924 02/12/2023 02/12/2023 General Collections